000 01016cad a22002535a 4500
001 E152096
008 110201s2010 xxk f 100 0 eng d
020 _a9781842196199
035 _a(Sirsi) u152096
041 0 _aeng
100 1 _aDevitofrancesco, A.
111 2 _aConstruction and Building Research Conference
_cDauphine Universite, Paris
_d2-3 September 2010
245 0 0 _aSystems for the assessment of the environmental sustainability of buildings
_bthe national experiences
_h[electronic resource]
260 _aLondon
_bRICS
_c2010
520 _aA paper presented at the COBRA Conference in Paris on 2-3 September 2010.
590 _aKA
650 2 4 _aCONSTRUCTION AND BUILDING RESEARCH CONFERENCE (COBRA)
651 4 _aItalia = Italy
_y1992-
690 _aENVIRONMENTAL AND LAND CONSULTANCY-SUSTAINABILITY
700 _aGhellere, M.
700 1 _aMeroni, I.
856 4 0 _uhttps://www.rics.org/site/scripts/download_info.aspx?fileID=7981&categoryID=720
_zBroken link - not available
942 _n0
999 _c111852
_d111852